[Event "GER-ch U25-B"]
[Site "Willingen"]
[Date "2023.05.31"]
[Round "6"]
[White "Uhlmann, Jonas"]
[Black "Clauss, Annika"]
[Result "0-1"]
[WhiteElo "1558"]
[BlackElo "1466"]
[PlyCount "44"]
[EventDate "2023.05.27"]
[EventType "swiss"]
[EventRounds "9"]
[EventCountry "GER"]
[SourceTitle "CBM 214 Extra"]
[Source "ChessBase"]
[SourceDate "2023.07.31"]
[SourceVersion "1"]
[SourceVersionDate "2023.07.31"]
[SourceQuality "1"]

1. e4 c5 2. Nf3 e6 3. d4 cxd4 4. Nxd4 Nf6 5. f3 Nc6 6. c4 Bb4+ 7. Nc3 0-0 8. Be3 a6 9. Be2 Qc7 10. 0-0 Bxc3 11. bxc3 Ne5 12. Qb3 Ng6 13. Rad1 Nf4 14. g3 Nxe2+ 15. Nxe2 b5 16. cxb5 axb5 17. Rd2 Ba6 18. Rc1 d5 19. Qb4 dxe4 20. fxe4 Qc6 21. e5 Bb7 22. Nf4 Qh1+ 0-1

[Event "GER-ch Youth-B"]
[Site "Willingen"]
[Date "2022.06.08"]
[Round "5"]
[White "Uhlmann, Jonas"]
[Black "Tryfon, Konstantin"]
[Result "0-1"]
[WhiteElo "1315"]
[BlackElo "1634"]
[PlyCount "76"]
[EventDate "2022.06.04"]
[EventType "swiss"]
[EventRounds "9"]
[EventCountry "GER"]
[SourceTitle "CBM 208 Extra"]
[Source "ChessBase"]
[SourceDate "2022.07.31"]
[SourceVersion "1"]
[SourceVersionDate "2022.07.31"]
[SourceQuality "1"]

1. e4 e5 2. Nf3 Nc6 3. Bc4 Bc5 4. c3 Nf6 5. d4 exd4 6. cxd4 Bb4+ 7. Nc3 Nxe4 8. 0-0 Bxc3 9. d5 Ne7 10. bxc3 0-0 11. Qd4 Nd6 12. Ba3 Nxc4 13. Bxe7 Qxe7 14. Rfe1 Qf6 15. Qxc4 c6 16. dxc6 bxc6 17. Rab1 d5 18. Qd4 Qxd4 19. cxd4 Bf5 20. Rbc1 Rac8 21. Re2 a6 22. Rb2 Bd3 23. a4 f6 24. Rb7 Rb8 25. Rc7 Rfc8 26. Re7 Rb4 27. Ra1 Be4 28. Nd2 Rxd4 29. Nxe4 Rxe4 30. Rxe4 dxe4 31. Kf1 Kf7 32. Ke2 c5 33. Rc1 Ke6 34. Ke3 f5 35. h4 h6 36. h5 Ke5 37. g3 c4 38. Rc3 Rc5 0-1